000 00837cab a2200217 4500
001 ABS47746
008 090401t xxu||||| |||| 00| 0 eng d
035 _a(Sirsi) u63312
041 _aeng
100 _aPurdey, D.E.
245 _aProvoking awareness through the provision of relevant information in property company accounts
350 _a0
490 _aJournal of Property Finance
_v3(3) Winter 92/93, 337-346(10)
520 _aArgues that more detailed property company accounts might enable management, shareholders and debtholders to make corporate decisions more easily. This in turn may lead to fewer company failures.
650 _aCOMPANY ACCOUNTS
650 _aCOMPANY FAILURES
650 _aPROPERTY COMPANIES
690 _aMANAGEMENT-BUSINESS MANAGEMENT-PROFESSIONAL PRACTICE
942 _n0
948 _c04/03/1997
999 _c39368
_d39368